000 00386nam a2200145Ia 4500
005 20250729165737.0
008 250729s2014 xx 000 0 und d
041 _aeng
082 _a372.25 FASE
100 _aFasal Urahman P K
_9231931
245 _aEducational Philosophy of John Dewey
260 _aNew Delhi
_bA P H PUBLISHING
_c2014
300 _a92p
650 _aEducation
_9231932
999 _c239529
_d239529